01007cam a2200277 a 45000010009000000050017000090080041000260100015000670200018000820400028001000820019001281000035001472450054001822600092002363000036003285000024003645040041003886500022004296500030004516500023004816530025005046550024005299420019005539990017005729520140005891731236320141106154740.0120521t2013 xxua frb 001 0 eng d a2012020467 a9780123918802 aDLCcDLCdDLCdEG-ScBUE00a332.6222bTEA1 aTeall, John L., d1958-93645410aFinancial trading and investing /cJohn L. Teall. aWaltham, United States ;aOxford, United Kingdom :bElsevier,bAcademic Press,cc.2013. axii, 443 p. :btables ;c25 cm. aIndex : p. 425-443. aIncludes bibliographical references. 0aInvestments99026 0aSecuritiesxPrices936455 0aSpeculation935036 bBUSADMcNovember2014 vreading book934232 2ddck332.6 TEA c18555d18527 00102ddc40708BaccahaMAINbMAINc1STd2014-11-06epurchaseg321.00h20677l0o332.6 TEAp000036951r2025-07-15 00:00:00v401.25yBB